Tricky-Clicky Minute: Colors Quiz Stats

Quiz Updated Sep 13, 2014

Challenge
Share
Tweet
Embed
Score 0/50 Timer 01:00
8 Plays Today
% Correct
yellow
86.9%
red
86.9%
pink
86.8%
green
86.7%
blue
86.5%
orange
86.4%
purple
86.4%
white
85.8%
brown
85.8%
gold
85.6%
grey
85.5%
violet
85.1%
black
85%
silver
85%
turquoise
83.7%
indigo
83.4%
beige
83.4%
magenta
82.7%
lavender
82.5%
aqua
82%
rose
81.8%
peach
81.4%
scarlet
81.1%
crimson
80.9%
burgundy
80.6%
% Correct
bronze
80.5%
fuchsia
80.1%
amber
80.1%
ruby
79.9%
lilac
79.6%
olive
78.7%
coral
77.6%
copper
76.4%
mauve
76%
salmon
75.5%
cherry
73.4%
auburn
72.7%
apricot
72%
azure
71.1%
lemon
70.7%
sepia
69.4%
khaki
69%
chestnut
66.1%
sienna
62.8%
chartreuse
61.1%
pumpkin
54.1%
almond
53.3%
coffee
51.8%
dandelion
37.5%
brass
32.1%

You're not logged in!

Compare scores with friends on all Sporcle quizzes.
Join for Free
OR
Log In

You Might Also Like...

Show Comments

Extras

Top Quizzes Today


Score Distribution

Your Account Isn't Verified!

In order to create a playlist on Sporcle, you need to verify the email address you used during registration. Go to your Sporcle Settings to finish the process.

Report this User

Report this user for behavior that violates our Community Guidelines.

Details: